Представление документа в формате MARC21

Поле Инд. ПП Название Значение
Тип записи a
Библиографический уровень m
001 Контрольный номер 9618b0c0627940a89bcd0336889ce3b9
005 Дата корректировки 20170328154103.8
008 Кодируемые данные 050606
020 a ISBN 5-7695-1838-3
c Цена, тираж 280.00
040 a Служба первич. каталог. НБ ТвГУ
041 a Код языка текста rus
080 a Индекс УДК 001.891.573(075.8)
084 a Индекс другой классификации/Индекс ББК В181я73-1
090 x Авторский знак Б82
a Полочн. индекс В181
100 1_ a Автор Бордовский Геннадий Алексеевич
245 10 a Заглавие Физические основы математического моделирования
b Продолж. заглавия учеб. пособие для студентов вузов физ.-мат. специальностей вузов
c Ответственность Г. А. Бордовский, А. С. Кондратьев, А. Д. Р. Чоудери
260 0_ a Место издания Москва
b Издательство Academia
c Дата издания 2005
300 a Объем 315, [1] с.
b Иллюстрации/ тип воспроизводства ил.
440 a Серия Высшее профессиональное образование
a Серия Естественные науки
504 a Библиография Библиогр.: с. 313.
583 a Действие Получение впервые 292 12.10.2005
k Исполнитель действия ООО "Книжный мир"
650 a Основная рубрика Моделирование математическое
x Основная подрубрика Физические основы
x Основная подрубрика Учебники для вузов
653 a Ключевые слова Моделирование
a Ключевые слова Математическое моделирование
a Ключевые слова Физическое моделирование
700 1_ a Другие авторы Кондратьев Александр Сергеевич
e Роль лиц авт.
700 1_ a Другие авторы Чоудери Алла Дитта Роза
e Роль лиц авт.
852 t Порядковый номер экземпляра 1
p Инвентарный номер 820078
863 t 00110272
888 a За счет средств университета
930 a Новая/Ретро учебники
952 p 292.2005 280.00 1 820078
c Вид литературы К ру
954 a Дата поступления на обработку 20051024
999 a Подразделение 2 Фил3